Pure genius (Record no. 71367)

MARC details
000 -LEADER
fixed length control field 00950cam a2200217 4500
001 - CONTROL NUMBER
control field ABS66011
008 - FIXED-LENGTH DATA ELEMENTS--GENERAL INFORMATION
fixed length control field 021016n2002 000 0 eng u
035 ## - SYSTEM CONTROL NUMBER
System control number (Sirsi) u120123
100 ## - MAIN ENTRY--PERSONAL NAME
Personal name Fairs, M.
245 ## - TITLE STATEMENT
Title Pure genius
260 ## - PUBLICATION, DISTRIBUTION, ETC.
Date of publication, distribution, etc. 2002
490 ## - SERIES STATEMENT
Series statement Building
Volume/sequential designation 267(8249) 6 September 2002, 37-40(4)
520 ## - SUMMARY, ETC.
Summary, etc. Reports on a new steel-framed housing system called Fusion developed by John Fleming Construction. The company lead by Irishman John Fleming is now looking to become the UK's biggest supplier of prefab housing. Describes the Fusion product and how Fleming is still looking to perfect the system. Wilmot Dixon Housing report being very impressed with the speed of build compared to traditional build.
590 ## - LOCAL NOTE (RLIN)
Local note ABS
650 ## - SUBJECT ADDED ENTRY--TOPICAL TERM
Topical term or geographic name entry element STEEL FRAMED HOUSING
650 ## - SUBJECT ADDED ENTRY--TOPICAL TERM
Topical term or geographic name entry element CONSTRUCTION INDUSTRY
650 ## - SUBJECT ADDED ENTRY--TOPICAL TERM
Topical term or geographic name entry element PREFABRICATED HOUSING
650 ## - SUBJECT ADDED ENTRY--TOPICAL TERM
Topical term or geographic name entry element STEEL FRAMES
690 ## - LOCAL SUBJECT ADDED ENTRY--TOPICAL TERM (OCLC, RLIN)
Topical term or geographic name as entry element BUILT ENVIRONMENT-CONSTRUCTION DESIGN
942 ## - ADDED ENTRY ELEMENTS (KOHA)
Suppress in OPAC 0
Holdings
Withdrawn status Lost status Source of classification or shelving scheme Damaged status Not for loan Home library Current library Shelving location Date acquired Total Checkouts Full call number Barcode Date last seen Copy number Price effective from Koha item type
    Dewey Decimal Classification     London London Journal article 16/10/2002   ABS66011 120123-1001 06/08/2019 1 06/08/2019 Journal article